| 000 | 00453cam a2200181ua 4500 | ||
|---|---|---|---|
| 020 | _c2.00 | ||
| 041 |
_amal _h |
||
| 082 |
_a894.812301 _bBAB/KU |
||
| 100 | _aBabu, Chengannur . | ||
| 245 |
_aKuttappa ennodu kshamikkuka / _cBabu chengannur. _hTextual Documents |
||
| 250 |
_a1 / _b. |
||
| 260 |
_aMuvattupuzha : _bForward book stall , _c1960. |
||
| 300 | _a138 ; . | ||
| 365 | _a2.00 | ||
| 504 | _a | ||
| 942 | _cBK | ||
| 999 |
_c12575 _d12575 |
||